000 01040cab a2200205 4500
001 ##L134370
008 060801n2006 000 0 eng u
035 _a(Sirsi) u134370
041 0 _aeng
110 2 _aRoyal Institution of Chartered Surveyors
_94900
245 0 0 _aSustainability is key to maintaining rural communities
260 _c2006
490 0 _aRICS Press Release
_v27 July 2006
520 _aThe RICS has called upon the government to promote sustainable rural communities by creating an integrated transport infrastructure, improving employment opportunities and building affordable housing. It warns that if these steps are not taken, the countryside risks becoming dominated by rich commuters or weekend visitors who often do not support rural amenities.
590 _aIKA010806
651 4 _aGREAT BRITAIN
690 _aENVIRONMENTAL AND LAND CONSULTANCY-SUSTAINABILITY
856 4 1 _uhttps://www.rics.org/RICSWEB/getpage.aspx?p=OrF4M5i4mEyVtmwVlcQcaA
_zView the item free of charge at www.rics.org...
942 _n0
999 _c77486
_d77486